Missing Word: The French Revolution Quiz Stats

Quiz Updated Sep 4, 2017

Challenge
Share
Tweet
Embed
Score 0/20 Timer 05:00
3 Plays Today
Phrase Missing Word % Correct
Let Them ___ CakeEat
96.2%
_____ AntoinetteMarie
95.2%
King _____ XVILouis
94.2%
Napoleon _________Bonaparte
90.8%
Reign of ______Terror
85.6%
Storming of the ________Bastille
84.6%
____-Jacques RousseauJean
71.6%
Liberté, _______, FraternitéÉgalité
58.4%
__ MarseillaiseLa
53.3%
Jean-____ MaratPaul
49.6%
Phrase Missing Word % Correct
______ RégimeAncien
38.9%
Estates-_______General
38.8%
Women's March on __________Versailles
38.2%
__________ de RobespierreMaximilien
37.6%
Committee of Public ______Safety
33.6%
Sans-________Culottes
30.6%
_______ ClubJacobin
21.2%
French __________ CalendarRepublican
19.1%
_________ MassacresSeptember
15.1%
____ of ReasonCult
9.4%

Today's Daily Dose

Word Ladder
Summertime

On This Day
June 23rd II

You're not logged in!

Compare scores with friends on all Sporcle quizzes.
Join for Free
OR
Log In

You Might Also Like...

Show Comments

Extras

Top Quizzes Today


Score Distribution

Your Account Isn't Verified!

In order to create a playlist on Sporcle, you need to verify the email address you used during registration. Go to your Sporcle Settings to finish the process.

Report this User

Report this user for behavior that violates our Community Guidelines.

Details: